00708 2200217 4500001002100000005001500021035002000036007000300056008004100059020002200100082000800122084001400130100002600144245014800170250003500318260003700353300003200390650001900422700001700441504003200458INLIS00000000000444720260312082330 a0010-0326000042ta260312 g 0 ind  a978-602-7760-86-6 a658 a658 DAN t0 aDanny D.H Simanjuntak1 aTaklukkan Lawan Bisnismu! :bInspirasi Taktik Berbisnis dari Seni Perang Legendaris Sun Tzu /cDanny D.H Simanjuntak (Penulis); Ratika (Editor) aCetakan Pertama: Februari 2014 aYogyakarta :bShira Media,c2014 a156 Halaman :bTeks ;c21cm 4aManajemen Umum0 aErick Namara aBibliografi Halaman 151-152